| 000 | 00386cam a22001217a 4500 | ||
|---|---|---|---|
| 008 | 180718b1967 xxu||||| |||| 00| 0 eng d | ||
| 082 | _aG22x73 R482 | ||
| 100 | _aRipley, Randall B. | ||
| 245 |
_aParty leaders in the house of representatives _cby Randall B. Ripley |
||
| 260 |
_aWashington _bBrookings Institution _c1967 |
||
| 300 | _axiii, 221p | ||
| 650 | _aUnited States. Congress. House | ||
| 999 |
_c426743 _d426743 |
||